<?xml version="1.0" encoding="UTF-8"?>
<marc:record xmlns:marc="http://www.loc.gov/MARC21/slim">
   <marc:leader>00000nam a2200000 a 4500</marc:leader>
   <marc:datafield ind1="1" ind2=" " tag="100">
      <marc:subfield code="a">Besnard, Eric</marc:subfield>
      <marc:subfield code="4">aut</marc:subfield>
      <marc:subfield code="e">Verfasser/-in</marc:subfield>
   </marc:datafield>
   <marc:datafield ind1="1" ind2=" " tag="100">
      <marc:subfield code="a">Gadebois, Grégory</marc:subfield>
   </marc:datafield>
   <marc:datafield ind1="1" ind2=" " tag="100">
      <marc:subfield code="a">Lamy, Alexandra</marc:subfield>
   </marc:datafield>
   <marc:datafield ind1=" " ind2=" " tag="653">
      <marc:subfield code="a">DVD-Video</marc:subfield>
   </marc:datafield>
   <marc:datafield ind1="0" ind2="0" tag="245">
      <marc:subfield code="a">Louise und die Schule der Freiheit</marc:subfield>
   </marc:datafield>
   <marc:datafield ind1="0" ind2="0" tag="245">
      <marc:subfield code="b">der neue Film von Éric Besnard</marc:subfield>
   </marc:datafield>
   <marc:datafield ind1="0" ind2="0" tag="245">
      <marc:subfield code="c">Alexandra Lamy, Grégory Gadebois [und weitere] ; Drehbuch und Regie: Éric Besnard</marc:subfield>
   </marc:datafield>
   <marc:datafield ind1=" " ind2="1" tag="264">
      <marc:subfield code="b">Neue Visionen Medien</marc:subfield>
      <marc:subfield code="c">2025</marc:subfield>
   </marc:datafield>
   <marc:datafield ind1="1" ind2=" " tag="520">
      <marc:subfield code="a">Frankreich, Ende des 19. Jahrhunderts. Louise Violet, eine Lehrerin aus Paris, wird aufs Land geschickt, um eine Schule zu eröffnen. Auch Kinder aus Bauernfamilien sollen in der Republik lesen und schreiben lernen &#x96; so will es das Gesetz. Doch das Landleben sieht anders aus. Die Kinder werden als Erntehelfer gebraucht, um das Überleben ihrer Familien zu sichern. Louise Violet stößt mit ihren Bildungsidealen nur auf Unverständnis. Doch obwohl sich zunächst keines der Dorfkinder im Klassenzimmer blicken lässt, bleibt sie standhaft. Nachdem er mit BIRNENKUCHEN MIT LAVENDEL, À LA CARTE! und DIE EINFACHEN DINGE bereits Millionen Zuschauer in Deutschland begeistert hat, kehrt Regisseur Éric Besnard mit LOUISE UND DIE SCHULE DER FREIHEIT auf die große Kinoleinwand zurück. Eine bewegende Tragikomödie, die von einer besseren Welt durch Bildung für alle träumt; und mit sanfter Strenge und viel Einfühlungsvermögen die Geschichte einer Frau erzählt, die sich für ihre Überzeugungen einsetzt. LOUISE UND DIE SCHULE DER FREIHEIT ist feinstes französisches Kino &#x96; mitreißend erzählt, von bestechender Klugheit und eingebettet in jene malerisch schönen Bildkompositionen, für die wir das Kino von Éric Besnard so lieben.</marc:subfield>
   </marc:datafield>
   <marc:datafield ind1="3" ind2=" " tag="024">
      <marc:subfield code="a">4020628553661</marc:subfield>
   </marc:datafield>
   <marc:datafield ind1=" " ind2=" " tag="500">
      <marc:subfield code="a">Ton: Deutsch, Französisch ; Untertitel: Deutsch</marc:subfield>
   </marc:datafield>
   <marc:datafield ind1="0" ind2=" " tag="490">
      <marc:subfield code="v">0</marc:subfield>
   </marc:datafield>
   <marc:datafield ind1=" " ind2=" " tag="300">
      <marc:subfield code="a">1 DVD - Video (104 Minuten)</marc:subfield>
   </marc:datafield>
</marc:record>
